American Girl Characters Quiz Stats

 Plays Quiz Retired Aug 10, 2021

     
Support Sporcle.
Go Orange.
Score 0/20 Timer 02:00
0 Plays Today
Year Name % Correct
1904Samantha
88.1%
1944Molly
85.6%
1774Felicity
75.3%
1934Kit
74.2%
1854Kirsten
65.6%
1864Addy
65.2%
1824Josefina
58.5%
1764Kaya
31.5%
1812Caroline
30.7%
1774Elizabeth
29%
Year Name % Correct
1904Nellie
28.6%
1964Melody
26.9%
1954Maryellen
24.8%
1853Marie-Grace
24.2%
1853Cécile
24%
1974Julie
24%
1944Emily
21.8%
1974Ivy
14.7%
1934Ruthie
14.6%
1914Rebecca Rubin
8.7%

From the Vault

Big 4 Champions of the 1990s

by Anne13

Sports 4m
You can go ahead and just skip entering the Bills.
Remove Ads.
Support Sporcle.
Get the best of Sporcle when you Go Orange. This ad-free experience offers more features, more stats, and more fun while also helping to support Sporcle. Thank you for becoming a member.

Show Comments

Extras

Top Quizzes Today


Score Distribution

Your Account Isn't Verified!

In order to create a playlist on Sporcle, you need to verify the email address you used during registration. Go to your Sporcle Settings to finish the process.

Report this User

Report this user for behavior that violates our Community Guidelines.

Details: